<?xml version="1.0" encoding="UTF-8"?>
<collection xmlns="http://www.loc.gov/MARC21/slim">
 <record>
  <leader>02674nam a22003377a 4500</leader>
  <controlfield tag="001">NCT_34938</controlfield>
  <controlfield tag="008">180510b        xxu||||| |||| 00| 0 vie d</controlfield>
  <datafield tag="999" ind1=" " ind2=" ">
   <subfield code="c">1685</subfield>
   <subfield code="d">1685</subfield>
  </datafield>
  <datafield tag="020" ind1=" " ind2=" ">
   <subfield code="c">63000</subfield>
  </datafield>
  <datafield tag="082" ind1="0" ind2="4">
   <subfield code="2">23rd ed.</subfield>
   <subfield code="a">615.19</subfield>
   <subfield code="b">C455</subfield>
  </datafield>
  <datafield tag="100" ind1="1" ind2=" ">
   <subfield code="a">Nguyễn Huy Công</subfield>
   <subfield code="e">Chủ biên</subfield>
  </datafield>
  <datafield tag="245" ind1="1" ind2="0">
   <subfield code="a">Hóa dược - dược lý</subfield>
   <subfield code="b">: Sách đào tạo dược sĩ trung học</subfield>
   <subfield code="c">Nguyễn Huy Công</subfield>
  </datafield>
  <datafield tag="260" ind1=" " ind2=" ">
   <subfield code="a">H.</subfield>
   <subfield code="b">Y học</subfield>
   <subfield code="c">2006</subfield>
  </datafield>
  <datafield tag="300" ind1=" " ind2=" ">
   <subfield code="a">354 tr.</subfield>
   <subfield code="c">27cm</subfield>
  </datafield>
  <datafield tag="500" ind1=" " ind2=" ">
   <subfield code="a">DTTS ghi: Bộ Y tế</subfield>
  </datafield>
  <datafield tag="520" ind1="3" ind2=" ">
   <subfield code="a">Nội dung gồm 3 phần: - Các bài học thuộc chương trình chính khóa gồm 33 bài - Phần đọc thêm: Bao gồm kiến thức một số loại thuốc - Phần phụ lục: Giúm người đọc tra cứu thông tin nội dung môn học</subfield>
  </datafield>
  <datafield tag="653" ind1=" " ind2=" ">
   <subfield code="a">Dược học</subfield>
  </datafield>
  <datafield tag="700" ind1="1" ind2=" ">
   <subfield code="a">Trần Thị Bội Ngọc</subfield>
   <subfield code="e">Biên soạn</subfield>
  </datafield>
  <datafield tag="700" ind1="1" ind2=" ">
   <subfield code="a">Đỗ Thị Thược</subfield>
   <subfield code="e">Biên soạn</subfield>
  </datafield>
  <datafield tag="942" ind1=" " ind2=" ">
   <subfield code="2">ddc</subfield>
   <subfield code="c">BK</subfield>
  </datafield>
  <datafield tag="952" ind1=" " ind2=" ">
   <subfield code="0">0</subfield>
   <subfield code="1">0</subfield>
   <subfield code="2">ddc</subfield>
   <subfield code="4">0</subfield>
   <subfield code="6">615_190000000000000_C455</subfield>
   <subfield code="7">0</subfield>
   <subfield code="9">8043</subfield>
   <subfield code="a">000001</subfield>
   <subfield code="b">000001</subfield>
   <subfield code="d">2018-05-10</subfield>
   <subfield code="l">5</subfield>
   <subfield code="o">615.19 C455</subfield>
   <subfield code="p">MD.04671</subfield>
   <subfield code="r">2021-04-08</subfield>
   <subfield code="s">2021-03-25</subfield>
   <subfield code="v">63000.00</subfield>
   <subfield code="w">2018-05-10</subfield>
   <subfield code="y">BK</subfield>
  </datafield>
  <datafield tag="952" ind1=" " ind2=" ">
   <subfield code="0">0</subfield>
   <subfield code="1">0</subfield>
   <subfield code="2">ddc</subfield>
   <subfield code="4">0</subfield>
   <subfield code="6">615_190000000000000_C455</subfield>
   <subfield code="7">0</subfield>
   <subfield code="9">8044</subfield>
   <subfield code="a">000001</subfield>
   <subfield code="b">000001</subfield>
   <subfield code="d">2018-05-10</subfield>
   <subfield code="l">3</subfield>
   <subfield code="o">615.19 C455</subfield>
   <subfield code="p">MD.04672</subfield>
   <subfield code="r">2021-03-31</subfield>
   <subfield code="s">2021-03-20</subfield>
   <subfield code="v">63000.00</subfield>
   <subfield code="w">2018-05-10</subfield>
   <subfield code="y">BK</subfield>
  </datafield>
  <datafield tag="952" ind1=" " ind2=" ">
   <subfield code="0">0</subfield>
   <subfield code="1">0</subfield>
   <subfield code="2">ddc</subfield>
   <subfield code="4">0</subfield>
   <subfield code="6">615_190000000000000_C455</subfield>
   <subfield code="7">0</subfield>
   <subfield code="9">8045</subfield>
   <subfield code="a">000001</subfield>
   <subfield code="b">000001</subfield>
   <subfield code="d">2018-05-10</subfield>
   <subfield code="l">1</subfield>
   <subfield code="o">615.19 C455</subfield>
   <subfield code="p">MD.04673</subfield>
   <subfield code="r">2019-03-02</subfield>
   <subfield code="s">2019-02-27</subfield>
   <subfield code="v">63000.00</subfield>
   <subfield code="w">2018-05-10</subfield>
   <subfield code="y">BK</subfield>
  </datafield>
  <datafield tag="952" ind1=" " ind2=" ">
   <subfield code="0">0</subfield>
   <subfield code="1">0</subfield>
   <subfield code="2">ddc</subfield>
   <subfield code="4">0</subfield>
   <subfield code="6">615_190000000000000_C455</subfield>
   <subfield code="7">0</subfield>
   <subfield code="9">8046</subfield>
   <subfield code="a">000001</subfield>
   <subfield code="b">000001</subfield>
   <subfield code="d">2018-05-10</subfield>
   <subfield code="o">615.19 C455</subfield>
   <subfield code="p">MD.04674</subfield>
   <subfield code="r">2018-05-10</subfield>
   <subfield code="v">63000.00</subfield>
   <subfield code="w">2018-05-10</subfield>
   <subfield code="y">BK</subfield>
  </datafield>
  <datafield tag="952" ind1=" " ind2=" ">
   <subfield code="0">0</subfield>
   <subfield code="1">0</subfield>
   <subfield code="2">ddc</subfield>
   <subfield code="4">0</subfield>
   <subfield code="6">615_190000000000000_C455</subfield>
   <subfield code="7">0</subfield>
   <subfield code="9">8047</subfield>
   <subfield code="a">000001</subfield>
   <subfield code="b">000001</subfield>
   <subfield code="d">2018-05-10</subfield>
   <subfield code="o">615.19 C455</subfield>
   <subfield code="p">MD.04675</subfield>
   <subfield code="r">2018-05-10</subfield>
   <subfield code="v">63000.00</subfield>
   <subfield code="w">2018-05-10</subfield>
   <subfield code="y">BK</subfield>
  </datafield>
  <datafield tag="952" ind1=" " ind2=" ">
   <subfield code="0">0</subfield>
   <subfield code="1">0</subfield>
   <subfield code="2">ddc</subfield>
   <subfield code="4">0</subfield>
   <subfield code="6">615_190000000000000_C455</subfield>
   <subfield code="7">0</subfield>
   <subfield code="9">8048</subfield>
   <subfield code="a">000001</subfield>
   <subfield code="b">000001</subfield>
   <subfield code="d">2018-05-10</subfield>
   <subfield code="l">6</subfield>
   <subfield code="o">615.19 C455</subfield>
   <subfield code="p">MD.04676</subfield>
   <subfield code="r">2020-12-30</subfield>
   <subfield code="s">2020-12-29</subfield>
   <subfield code="v">63000.00</subfield>
   <subfield code="w">2018-05-10</subfield>
   <subfield code="y">BK</subfield>
  </datafield>
  <datafield tag="952" ind1=" " ind2=" ">
   <subfield code="0">0</subfield>
   <subfield code="1">0</subfield>
   <subfield code="2">ddc</subfield>
   <subfield code="4">0</subfield>
   <subfield code="6">615_190000000000000_C455</subfield>
   <subfield code="7">0</subfield>
   <subfield code="9">8049</subfield>
   <subfield code="a">000001</subfield>
   <subfield code="b">000001</subfield>
   <subfield code="d">2018-05-10</subfield>
   <subfield code="l">5</subfield>
   <subfield code="o">615.19 C455</subfield>
   <subfield code="p">MD.04677</subfield>
   <subfield code="r">2020-12-30</subfield>
   <subfield code="s">2020-12-23</subfield>
   <subfield code="v">63000.00</subfield>
   <subfield code="w">2018-05-10</subfield>
   <subfield code="y">BK</subfield>
  </datafield>
  <datafield tag="952" ind1=" " ind2=" ">
   <subfield code="0">0</subfield>
   <subfield code="1">0</subfield>
   <subfield code="2">ddc</subfield>
   <subfield code="4">0</subfield>
   <subfield code="6">615_190000000000000_C455</subfield>
   <subfield code="7">0</subfield>
   <subfield code="9">8050</subfield>
   <subfield code="a">000001</subfield>
   <subfield code="b">000001</subfield>
   <subfield code="d">2018-05-10</subfield>
   <subfield code="l">5</subfield>
   <subfield code="o">615.19 C455</subfield>
   <subfield code="p">MD.04678</subfield>
   <subfield code="r">2021-03-30</subfield>
   <subfield code="s">2021-03-29</subfield>
   <subfield code="v">63000.00</subfield>
   <subfield code="w">2018-05-10</subfield>
   <subfield code="y">BK</subfield>
  </datafield>
  <datafield tag="952" ind1=" " ind2=" ">
   <subfield code="0">0</subfield>
   <subfield code="1">0</subfield>
   <subfield code="2">ddc</subfield>
   <subfield code="4">0</subfield>
   <subfield code="6">615_190000000000000_C455</subfield>
   <subfield code="7">0</subfield>
   <subfield code="9">8051</subfield>
   <subfield code="a">000001</subfield>
   <subfield code="b">000001</subfield>
   <subfield code="d">2018-05-10</subfield>
   <subfield code="l">3</subfield>
   <subfield code="o">615.19 C455</subfield>
   <subfield code="p">MD.04679</subfield>
   <subfield code="r">2020-03-27</subfield>
   <subfield code="s">2020-03-23</subfield>
   <subfield code="v">63000.00</subfield>
   <subfield code="w">2018-05-10</subfield>
   <subfield code="y">BK</subfield>
  </datafield>
  <datafield tag="952" ind1=" " ind2=" ">
   <subfield code="0">0</subfield>
   <subfield code="1">0</subfield>
   <subfield code="2">ddc</subfield>
   <subfield code="4">0</subfield>
   <subfield code="6">615_190000000000000_C455</subfield>
   <subfield code="7">0</subfield>
   <subfield code="9">8052</subfield>
   <subfield code="a">000001</subfield>
   <subfield code="b">000001</subfield>
   <subfield code="d">2018-05-10</subfield>
   <subfield code="o">615.19 C455</subfield>
   <subfield code="p">MD.04680</subfield>
   <subfield code="r">2018-05-10</subfield>
   <subfield code="v">63000.00</subfield>
   <subfield code="w">2018-05-10</subfield>
   <subfield code="y">BK</subfield>
  </datafield>
  <datafield tag="980" ind1=" " ind2=" ">
   <subfield code="a">Thư viện Trường Đại học Nam Cần Thơ</subfield>
  </datafield>
 </record>
</collection>
